| 000 | 01141nam a2200313 i 4500 | ||
|---|---|---|---|
| 001 | 000021329 | ||
| 003 | DO-SdBNP | ||
| 005 | 20250625134156.0 | ||
| 007 | ta | ||
| 008 | 100906s1974 dr 001 0 spa d | ||
| 040 |
_aDO-SdBNP _bspa _cBNPHU _erda |
||
| 082 | 4 |
_aR-PD 497.03 _bC175p 1974 _222 |
|
| 100 | 1 |
_aCambiaso, Rodolfo Domingo, _d1852-1916 _919500 _eautor |
|
| 245 | 1 | 0 |
_aPequeño diccionario de palabras indo-antillanas / _cRodolfo Domingo Cambiaso. |
| 250 | _a2a. edicion facsímil | ||
| 264 | 1 |
_aSanto Domingo : _bSecretaría de Estado de Educación, _c1974. |
|
| 300 |
_a74 páginas ; _c21 cm. |
||
| 336 |
_2rdacontent _atexto _btxt |
||
| 337 |
_2rdamedia _asin mediación _bn |
||
| 338 |
_2rdacarrier _avolumen _bnc |
||
| 490 | 0 | _aEnriquillo | |
| 533 |
_aFacsímil de la edición: _bSanto Domingo: _cEl Progreso-Emiliano Espinal, _d1916 |
||
| 590 | _aInventariado, 2023/BT | ||
| 650 | 4 |
_aLenguas indígenas _vDiccionarios _919501 |
|
| 650 | 4 |
_aIndígenas de las antillas _xLenguas _vDiccionarios _919502 |
|
| 650 | 4 |
_aTaínos _xLenguas _vDiccionarios _919503 |
|
| 910 | _aValidado. Control de calidad MMOLINA | ||
| 942 |
_2ddc _cLBS1 |
||
| 999 |
_c20829 _d20829 |
||